[Event "POL-ch U13 Girls Qual"]
[Site "Jastrzebia Gora"]
[Date "2021.11.21"]
[Round "9"]
[White "Walerjan, Ada"]
[Black "Gladyszewska, Kinga"]
[Result "0-1"]
[WhiteElo "1045"]
[BlackElo "1269"]
[PlyCount "48"]
[EventDate "2021.11.15"]
[EventType "swiss"]
[EventRounds "9"]
[EventCountry "POL"]
[SourceTitle "EXT 2023"]
[Source "ChessBase"]
[SourceDate "2022.10.05"]
[SourceVersion "1"]
[SourceVersionDate "2022.10.05"]
[SourceQuality "1"]

1. e4 e5 2. Nf3 Nc6 3. d4 exd4 4. Nxd4 Bc5 5. Nb3 Bb6 6. Nc3 Nf6 7. Qe2 d6 8. Be3 Be6 9. 0-0-0 Bxb3 10. cxb3 Qe7 11. f3 0-0-0 12. Kb1 Bxe3 13. Qxe3 d5 14. Qf2 dxe4 15. Rxd8+ Rxd8 16. fxe4 Kb8 17. Qf3 Re8 18. Qg3 Nxe4 19. Nxe4 Qxe4+ 20. Bd3 Qd4 21. Rf1 Re3 22. Re1 Qxd3+ 23. Kc1 Rxg3 24. hxg3 b6 0-1

[Event "POL-ch U13 Girls Qual"]
[Site "Jastrzebia Gora"]
[Date "2021.11.15"]
[Round "1"]
[White "Gladyszewska, Kinga"]
[Black "Olaczek, Wiktoria"]
[Result "1-0"]
[WhiteElo "1269"]
[BlackElo "1088"]
[PlyCount "77"]
[EventDate "2021.11.15"]
[EventType "swiss"]
[EventRounds "9"]
[EventCountry "POL"]
[SourceTitle "EXT 2023"]
[Source "ChessBase"]
[SourceDate "2022.10.05"]
[SourceVersion "1"]
[SourceVersionDate "2022.10.05"]
[SourceQuality "1"]

1. d4 d5 2. c4 e6 3. Nc3 Nf6 4. Bg5 Nbd7 5. e3 c6 6. Nf3 Be7 7. cxd5 exd5 8. Bd3 0-0 9. 0-0 h6 10. Bh4 Ne4 11. Bxe7 Qxe7 12. Qc2 Ndf6 13. Ne5 Nxc3 14. bxc3 Ne4 15. f3 Nf6 16. Rae1 Nd7 17. Ng4 Re8 18. Qd2 Qg5 19. Qc1 h5 20. Nf2 Re6 21. Nh3 Qe7 22. e4 dxe4 23. Bxe4 Nf6 24. Nf4 Rxe4 25. fxe4 Ng4 26. h3 Nh6 27. Nxh5 Qh4 28. Nf4 Qg3 29. Rf3 Qg5 30. Ne2 Qe7 31. Rg3 Qe6 32. Qg5 Kf8 33. Qxg7+ Ke8 34. Nf4 Qxa2 35. Qxh6 Qc4 36. Rg8+ Kd7 37. Qf6 c5 38. Rd8+ Kc7 39. Qd6# 1-0

[Event "POL-ch U14 Girls"]
[Site "Uniejow"]
[Date "2021.07.23"]
[Round "7"]
[White "Pudelko, Magdalena"]
[Black "Gladyszewska, Kinga"]
[Result "1-0"]
[WhiteElo "1477"]
[BlackElo "1293"]
[PlyCount "121"]
[EventDate "2021.07.18"]
[EventType "swiss"]
[EventRounds "9"]
[EventCountry "POL"]
[SourceTitle "EXT 2022"]
[Source "ChessBase"]
[SourceDate "2021.10.06"]
[SourceVersion "1"]
[SourceVersionDate "2021.10.06"]
[SourceQuality "1"]

1. e4 e5 2. Nf3 Nc6 3. Bc4 Bc5 4. c3 d6 5. d3 h6 6. Nbd2 Nf6 7. 0-0 0-0 8. Re1 Kh8 9. Nf1 Bb6 10. Ng3 Na5 11. Bb5 Bd7 12. Bxd7 Qxd7 13. Nf5 Nc6 14. N3h4 Ne7 15. Nxe7 Qxe7 16. Nf5 Qe6 17. Qf3 Ng8 18. d4 Ne7 19. d5 Qf6 20. g4 Nxf5 21. gxf5 Qh4 22. Rd1 g6 23. f6 g5 24. Rd3 g4 25. Qf5 Rg8 26. Rg3 Rg6 27. Be3 Rd8 28. Rf1 Rxf6 29. Qxg4 Qxg4 30. Rxg4 Bxe3 31. fxe3 Rxf1+ 32. Kxf1 Kh7 33. Kf2 Rc8 34. Kg3 h5 35. Rg5 Kh6 36. Kh4 f6 37. Rxh5+ Kg6 38. Kg4 Rg8 39. h4 Rc8 40. Rf5 Rh8 41. Rf2 Rh7 42. b4 b5 43. Rc2 c6 44. c4 cxd5 45. cxd5 Rd7 46. Rc6 Kh6 47. Kf5 Kh5 48. Kxf6 Kxh4 49. Ke6 Rg7 50. Kxd6 Kg4 51. Kxe5 Kf3 52. d6 Kxe3 53. Rc7 Rg8 54. d7 Rd8 55. Kd6 Kxe4 56. Rc8 Rxd7+ 57. Kxd7 Kd5 58. Rc5+ Kd4 59. Kc6 a6 60. Kb6 a5 61. Kxb5 1-0

[Event "POL-ch U14 Girls"]
[Site "Uniejow"]
[Date "2021.07.20"]
[Round "2"]
[White "Nieckarz, Maja"]
[Black "Gladyszewska, Kinga"]
[Result "0-1"]
[WhiteElo "1430"]
[BlackElo "1293"]
[PlyCount "84"]
[EventDate "2021.07.18"]
[EventType "swiss"]
[EventRounds "9"]
[EventCountry "POL"]
[SourceTitle "EXT 2022"]
[Source "ChessBase"]
[SourceDate "2021.10.06"]
[SourceVersion "1"]
[SourceVersionDate "2021.10.06"]
[SourceQuality "1"]

1. e4 e5 2. Nf3 Nc6 3. d4 exd4 4. Nxd4 Bc5 5. Be3 Qf6 6. Nb5 Bxe3 7. fxe3 Qh4+ 8. g3 Qd8 9. Qg4 Nf6 10. Qxg7 Rg8 11. Qh6 Rg6 12. Qf4 d6 13. N1c3 a6 14. Nd4 Ne5 15. Be2 Bd7 16. 0-0-0 Bg4 17. Bxg4 Nexg4 18. h3 Ne5 19. Nf5 Nh5 20. Qf2 Nf6 21. Rhf1 Qd7 22. Ng7+ Rxg7 23. Qxf6 Rg8 24. Nd5 Qd8 25. Nxc7+ Qxc7 26. Rxd6 Qe7 27. Qh6 Rxg3 28. Qxh7 Qxd6 29. Qh8+ Ke7 30. Qxa8 Qc6 31. Qh8 Ng6 32. Qd4 Rxh3 33. Qb4+ Ke8 34. Qb3 Qd7 35. Rd1 Qc6 36. Qd3 Qc7 37. e5 Nxe5 38. Rg1 Nxd3+ 39. Kb1 Nb4 40. Rg8+ Ke7 41. a3 Rh1+ 42. Rg1 Rxg1# 0-1